|
|
|
|
| LEADER |
00000cam a2200000 a 4500 |
| 001 |
vtls001371329 |
| 003 |
SK-MaSNL |
| 005 |
20260302000530.0 |
| 008 |
240318s1971 xr p 00000 cze |
| 035 |
|
|
|a SNK000325136
|
| 040 |
|
|
|a SNK
|b slo
|c SNK
|e AACR2
|
| 041 |
0 |
|
|a cze
|
| 044 |
|
|
|a xr
|c CZ
|
| 080 |
|
|
|a 314(075.8)
|2 1981
|
| 100 |
1 |
|
|a Roubíček, Vladimír,
|d 1930-2005
|4 aut
|9 202437
|
| 245 |
1 |
0 |
|a Základní problémy obecné a ekonomické demografie
|c Vladimír Roubíček
|
| 250 |
|
|
|a 1. vyd.
|
| 260 |
|
|
|a Praha
|b Vysoká škola ekonomická
|c 1971
|
| 300 |
|
|
|a 158 s.
|c 8°
|
| 650 |
0 |
7 |
|a demografia
|2 SNKPH
|9 3827
|
| 655 |
|
7 |
|a učebnice vysokých škôl
|2 SNKPH
|9 70191
|
| 852 |
|
|
|a Slovenská národná knižnica
|
| 958 |
|
|
|a OND
|
| 999 |
|
|
|c 979969
|d 981899
|
| 952 |
|
|
|t P60, <04>, [BOOK], {604}
|a SNK
|b SNK
|y VYP
|7 0
|p 17A0209664
|o snkID 59416
|0 0
|1 0
|4 0
|d 1999-09-02
|l 0
|r 2005-01-02 00:00:00
|w 2026-02-24
|
| 952 |
|
|
|t P60, <04>, [BOOK], {604}
|a SNK
|b SNK
|y VYP
|7 0
|p 17A0233705
|o snkID 59416 D1
|0 0
|1 1
|4 0
|d 2000-03-29
|l 0
|r 2005-01-02 00:00:00
|w 2026-02-24
|